000 00546 a2200145 4500
082 _aBIT-5
100 _a Rahila Nadir
_992511
245 _aEfficient Autonomous Airline Management System (EA-AMS)
_c Rahila Nadir
260 _a Islamabad,
_bNUST School of Electrical Engineering & Computer Science,
_c 2007.
300 _a xi, 67 p. :
_bill. ;
_c 27 cm. +
_eCD-ROM
500 _aSupervisors : Mr. Nauman Qureshi, Dr. Hafiz Farooq Ahmad.
563 _aHB
856 _uhttp://10.250.8.41:8080/xmlui/handle/123456789/9215
942 _cPR
_kBIT-5 RAH
_2ddc
999 _c9089
_d9089